1052 1637 1263 1677 1741 1603 1764 1694 1268 1403 1400 1421 1411 1655 1393 1031 1829 1966 1860 1220 1986 1051 1112 1362 1725 1046 1151 1317 1055 1347 1078 1893 1047 2000 1502 1508 1041 1236 1304 1534 1363 1153 1047 1077 1442 1551 1803 1427 1302 1758 1646 1291 1826 1841 1126 1159 1956 1004 1784 1105 1506 1745 1100 1159 1599 1206 1184 1932 1025 1139 1146 1642 1612 1105 1729 1621 1867 1545 1538 1369 1622 1381 1074 1816 1084 1252 1254 1333 1541 1261 1649 1506 1247 1483 1756 1923 1428 1183 1617 BCNSPRNW ULIB Ver.6.0+V

เปลี่ยนเป็นภาษาไทย

Change to English
 แสดงรายละเอียดบรรณานุกรม
  กลับหน้าหลัก

Brief Record : Get Marc (ISO 2709) : E-mail record : QR code < ปิดหน้าต่าง
LEADER : 00000nam 2200000uu 4500
001    13399121380
003     ULIB
008    020711s2555 th a 000 0 tha d
099    วจ.WA590^bพ544ก
100    พัทธรา ลีฬหวรงค์
245    การประเมินผลลัพธ์ของการดำเนินมาตรการสร้างเสริมสุขภาพ: การประเมินความเต็มใจจ่ายของครัวเรือนต่อมาตรการสร้างเสริมสุขภาพของสำนักงานกองทุนสนับสนุนการสร้างเสริมสุขภาพ (.สสส)/^cพัทธรา ลีฬหวรงค์ และคณะ
260    นนทบุรี :^bสถาบันวิจัยระบบสาธารณสุข,^c2555
300    144 หน้า
650    สร้างเสริมสุขภาพ^xวิจัย
945    ^p0^l0^i033104
999    ^aทศพร
รายการนี้ยังไม่มีแท็ก
คุณยังไม่ได้ล็อกอิน คุณสามารถมีกิจกรรมร่วมกับเว็บไซต์ได้ แต่ต้องล็อกอินก่อน ::
  ล็อกอิน

รายการสื่อสารสนเทศ

ลำดับที่ ประเภท เลขเรียก/บาร์โค้ด สถานที่ สถานะ
1. งานวิจัย
งานวิจัย
วจ.WA590 พ544ก ฉ.1 
  Barcode: 033104
ห้องสมุดวิทยาเขตสวรรค์ประชารักษ์
►วิจัย
บนชั้น

รายการใกล้เคียง
    ผู้แต่ง [พัทธรา ลีฬหวรงค์]

BibComment


ยังไม่เคยถูกคอมเมนท์

คอมเมนท์ทรัพยากรรายการนี้
  คอมเมนท์: การประเมินผลลัพธ์..


 Copyright 2026. Bcnsprnw @Library